[Event "POLFINAL MISTRZOSTW POLSKI JUNIOROW 2019 - C11"]
[Site "Ustron"]
[Date "1899-12-30"]
[Round "9.5"]
[White "Fil, Grzegorz"]
[Black "Jaszczuk, Piotr"]
[Result "1/2-1/2"]
[WhiteTitle "II"]
[BlackTitle "II"]
[WhiteElo "1188"]
[BlackElo "1267"]

1. c4 c5 2. Nc3 Nf6 3. g3 Nc6 4. Bg2 e6 5. Nf3 d5 6. cxd5 exd5 7. d4 Be7 8. Bg5
c4 9. O-O Be6 10. Bxf6 Bxf6 11. e3 O-O 12. b3 cxb3 13. Qxb3 Qd7 14. Rfc1 Na5 15.
Qc2 Rac8 16. Nd2 Rc7 17. Qb2 Rfc8 18. Ne2 b6 19. Rxc7 Rxc7 20. Rc1 Be7 21. Rxc7
Qxc7 22. Qc3 Qxc3 23. Nxc3 Bb4 24. Ndb1 Nc4 25. Nxd5 Bxd5 26. Bxd5 b5 27. Bc6
a6 28. Bb7 Nd6 29. Bd5 Kf8 30. Kf1 Ke7 31. Ke2 Kd7 32. Kd3 f5 33. Nd2 Bxd2 34.
Kxd2 b4 35. Kc2 Nb5 36. Bc4 Nc3 37. Bxa6 Nxa2 38. Kb3 Nc3 39. Kxb4 Nd1 40. Bd3
g6 41. Bc4 Nxf2 42. Bg8 h6 43. Bh7 Ng4 44. Bxg6 Nxe3 45. h3 Kd6 46. Kc3 Nd5+ 47.
Kc4 f4 48. Be4 Nf6 49. Bg2 fxg3 50. Kd3 h5 51. Ke3 h4 52. Kf4 Nd5+ 53. Kg4 Ne3+
54. Kxh4 Nxg2+ 55. Kxg3 Ne3 56. Kf4 Nd5+ 57. Kf5 Ne7+ 58. Kf6 Nd5+ 59. Kg5 Ke6
60. h4 Kf7 61. Kf5 Kg7 62. Ke6 Nf6 63. d5 Nxd5 64. Kxd5 Kg6 65. Ke4 Kh5 66. Kf4
Kxh4 1/2-1/2

[Event "POLFINAL MISTRZOSTW POLSKI JUNIOROW 2019 - C11"]
[Site "Ustron"]
[Date "1899-12-30"]
[Round "9.6"]
[White "Stepinski, Piotr"]
[Black "Stanik, Szymon"]
[Result "1-0"]
[WhiteTitle "II"]
[BlackTitle "II"]
[WhiteElo "1135"]
[BlackElo "1187"]

1. d4 d5 2. c4 e6 3. Nc3 Nf6 4. Bg5 Nbd7 5. Nf3 Be7 6. e3 b6 7. cxd5 exd5 8. Rc1
Bb7 9. Bd3 h6 10. Bh4 O-O 11. O-O c5 12. Bb5 c4 13. b3 Ne4 14. Bxe7 Qxe7 15. Bxd7
Nxc3 16. Rxc3 Qxd7 17. bxc4 dxc4 18. Ne5 Qd5 19. f3 b5 20. Rf2 Rfd8 21. Qb1 Rac8
22. Rb2 a6 23. a4 Bc6 24. Nxc6 Qxc6 25. axb5 axb5 26. Rxb5 Qe6 27. Re5 Qa6 28.
Qc2 Qa1+ 29. Qc1 Qa4 30. Kf2 Qb4 31. Rc5 Rxc5 32. dxc5 Qxc5 33. Rxc4 Qf5 34. Qc2
Qe6 35. Re4 Qf6 36. Qa4 Rd2+ 37. Kg3 Qg5+ 38. Rg4 Qxe3 39. Qa8+ Kh7 40. Qa1 f6
41. Qb1+ Qd3 42. Qxd3+ Rxd3 43. Ra4 g5 44. Kg4 Kg6 45. Ra8 f5+ 46. Kg3 Rd2 47.
Kh3 Rd3 48. Kg3 Rd2 49. Ra6+ Kg7 50. Rb6 Rc2 51. h3 f4+ 52. Kh2 Kh7 53. Re6 Kg7
54. Ra6 Rd2 55. Kg1 Rd1+ 56. Kf2 Rd2+ 57. Kf1 Rb2 58. Kg1 Rb1+ 59. Kh2 Rb2 60.
h4 g4 61. Ra3 g3+ 62. Kh3 Kf6 63. Ra6+ Kf5 64. Rxh6 Rb1 65. Rh5+ Kg6 66. Rg5+
Kf6 67. Kg4 Rh1 68. Kxf4 Rxh4+ 69. Rg4 Rh5 70. Kxg3 Rd5 71. Re4 Rg5+ 72. Kf2 Rc5
73. g4 Kg5 74. Kg3 Rc3 75. Re5+ Kf6 76. Ra5 1-0

[Event "POLFINAL MISTRZOSTW POLSKI JUNIOROW 2019 - C11"]
[Site "Ustron"]
[Date "1899-12-30"]
[Round "9.7"]
[White "Nocek, Dominik"]
[Black "Niemczyk, Krzysztof"]
[Result "1-0"]
[WhiteTitle "II"]
[BlackTitle "II"]
[WhiteElo "1317"]
[BlackElo "1227"]

1. e4 e5 2. Nf3 Nc6 3. Bb5 a6 4. Ba4 d6 5. d4 b5 6. Bb3 Nxd4 7. Nxd4 exd4 8. Bd5
Rb8 9. Qxd4 Bd7 10. e5 Qe7 11. f4 f6 12. O-O dxe5 13. Qa7 Qc5+ 14. Be3 Qxa7 15.
Bxa7 Rc8 16. fxe5 fxe5 17. Bf7+ Kd8 18. Bd5 Ke8 19. Bf7+ Kd8 20. Bd5 Ke8 21. Nc3
Nf6 22. Bb7 Rd8 23. Nd5 Nxd5 24. Bxd5 Bd6 25. Rae1 Rf8 26. Rxf8+ Kxf8 27. Rf1+
Ke8 28. Be3 h6 29. c3 c6 30. Be4 Ke7 31. b4 Rf8 32. Rxf8 Kxf8 33. h3 Ke7 34. g4
g5 35. Kg2 Kd8 36. Kg3 Be7 37. Kg2 Kc7 38. Kf3 Be6 39. a3 Bd5 40. Bf2 Kd6 41.
Be3 Ke6 1-0

[Event "POLFINAL MISTRZOSTW POLSKI JUNIOROW 2019 - C11"]
[Site "Ustron"]
[Date "1899-12-30"]
[Round "9.8"]
[White "Cichon, Aleksander"]
[Black "Skowron, Dawid"]
[Result "1-0"]
[WhiteTitle "II"]
[BlackTitle "II"]
[WhiteElo "1207"]
[BlackElo "1278"]

1. e4 e5 2. Nf3 Nc6 3. Bc4 Bc5 4. O-O Nf6 5. d4 Bxd4 6. Nxd4 Nxd4 7. f4 d6 8. fxe5
dxe5 9. Bg5 h6 10. Bxf6 gxf6 11. c3 Ne6 12. Qxd8+ Nxd8 13. Rxf6 Ke7 14. Rf2 Ne6
15. Na3 c6 16. Raf1 Rf8 17. Nc2 f6 18. Ne3 Nc5 19. Nf5+ Bxf5 20. exf5 Rad8 21.
Rf3 Ne4 22. Re1 Nd2 23. Rf4 Kd6 24. Rg4 Nxc4 25. Rxc4 Rg8 26. Rh4 Rg5 27. Rxh6
Rxf5 28. Rd1+ Kc7 29. Rh7+ Kc8 30. Rxd8+ Kxd8 31. Rxb7 a5 32. Rg7 e4 33. Rg3 Rb5
34. b3 Rd5 35. Re3 f5 36. g4 fxg4 37. Rxe4 Rd2 38. Rd4+ Rxd4 39. cxd4 Kd7 40.
Kg2 Kd6 41. Kg3 Kd5 42. Kxg4 Kxd4 43. h4 Kc3 44. h5 Kb2 45. h6 Kxa2 46. h7 Kxb3
47. h8=Q a4 48. Qa1 a3 49. Kf3 c5 50. Ke2 c4 51. Qb1+ Kc3 52. Ke3 a2 53. Qxa2
Kb4 54. Kd2 c3+ 55. Kc2 1-0

[Event "POLFINAL MISTRZOSTW POLSKI JUNIOROW 2019 - C11"]
[Site "Ustron"]
[Date "1899-12-30"]
[Round "9.9"]
[White "Wilgosz, Szczepan"]
[Black "Banaczyk, Piotr"]
[Result "0-1"]
[WhiteTitle "II"]
[BlackTitle "II"]
[WhiteElo "1268"]
[BlackElo "1183"]

1. e4 e6 2. d4 d5 3. Nd2 dxe4 4. Nxe4 Nd7 5. Nf3 Ngf6 6. Nxf6+ Nxf6 7. Bd3 b6 8.
O-O Be7 9. Bf4 O-O 10. Re1 Bb7 11. c3 c5 12. Be5 Nd7 13. Bc2 Nxe5 14. Nxe5 g6
15. Qg4 Bf6 16. Nxf7 Rxf7 17. dxc5 bxc5 18. Rad1 Qe7 19. Bb3 Bc8 20. Re2 Bd7 21.
Red2 Rd8 22. Ba4 Qe8 23. Bb3 Bc8 24. Ba4 Qf8 25. Bb3 Rxd2 26. Rxd2 Kg7 27. Bxe6
Bxe6 28. Qxe6 Re7 29. Rd7 Qf7 30. Rxe7 Qxe7 31. Qxe7+ Bxe7 32. Kf1 Kf6 33. Ke2
Ke5 34. Ke3 Bf8 35. g3 Kf5 36. f3 Bd6 37. Kd3 g5 38. a3 g4 39. f4 Bxf4 40. gxf4
Kxf4 41. Ke2 Ke4 42. b4 cxb4 43. cxb4 Kd4 44. Kd2 Kc4 45. Ke3 Kb3 46. Kf4 Kxa3
47. b5 Ka4 48. b6 axb6 49. Kxg4 b5 50. Kf3 b4 51. Ke3 Ka3 52. Kd2 Ka2 53. Kc1
b3 54. h4 b2+ 55. Kd2 b1=Q 56. Ke3 Qf5 57. Kd4 Qe6 58. Kd3 Qg4 59. h5 Ka3 60.
h6 Kb4 61. Ke3 Kc5 62. Kd3 Qd4+ 63. Ke2 Qc3 64. Kf2 Kd4 65. Kg2 Ke4 66. Kh2 Qf3
67. Kg1 Qe2 68. Kh1 Kf3 69. Kg1 Qg2# 0-1

[Event "POLFINAL MISTRZOSTW POLSKI JUNIOROW 2019 - C11"]
[Site "Ustron"]
[Date "1899-12-30"]
[Round "9.10"]
[White "Kowalski, Witold"]
[Black "Dietrich, Pawel"]
[Result "1-0"]
[WhiteTitle "II"]
[BlackTitle "II"]
[WhiteElo "1187"]
[BlackElo "1214"]

1. d4 d5 2. Nf3 e6 3. e3 Nf6 4. Bd3 Be7 5. O-O O-O 6. b3 b6 7. Bb2 Bb7 8. Nbd2
Nbd7 9. Ne5 Ne4 10. a3 c5 11. Re1 Rc8 12. c4 Qc7 13. f3 Nxd2 14. Qxd2 Nxe5 15.
dxe5 Rfd8 16. Qc2 h6 17. f4 Qd7 18. Rad1 Qc6 19. cxd5 exd5 20. e6 f6 21. Bg6 d4
22. exd4 cxd4 23. Qxc6 Rxc6 24. Rxd4 Kf8 25. Rxd8+ Bxd8 26. h3 Ke7 27. a4 Rxe6
28. Ba3+ Kd7 29. Bf5 Bd5 30. Rd1 Kc7 31. Rxd5 Re1+ 32. Kf2 Ra1 33. Rd7+ Kc6 34.
Rxd8 Rxa3 35. Be6 g5 36. fxg5 hxg5 37. Rf8 Ra2+ 38. Kg3 Kd6 39. Bc4 Ke5 40. Re8+
Kd6 41. Re6+ Kc5 42. Rxf6 Rc2 43. Rf5+ Kd4 44. Rxg5 Rxc4 45. Rg4+ Kc3 46. Rxc4+
Kxb3 47. Rf4 1-0

[Event "POLFINAL MISTRZOSTW POLSKI JUNIOROW 2019 - C11"]
[Site "Ustron"]
[Date "1899-12-30"]
[Round "9.11"]
[White "Glaz, Michal"]
[Black "Wolak, Maciej"]
[Result "1-0"]
[WhiteTitle "II"]
[BlackTitle "II"]
[WhiteElo "1177"]
[BlackElo "1213"]

1. d4 d5 2. Nf3 c5 3. dxc5 Nc6 4. Bf4 Bf5 5. a3 e6 6. e3 Bxc5 7. Nc3 Nge7 8. Be2
O-O 9. O-O a6 10. h3 h6 11. Bd3 Bxd3 12. Qxd3 Qd7 13. Rad1 Rfd8 14. Ne2 Ng6 15.
Bg3 e5 16. Qc3 Qe7 17. b4 Bb6 18. Qb3 Qe6 19. Rfe1 Rac8 20. Nc3 Nce7 21. Ne2 Nf5
22. Bh2 Nfh4 23. Nxh4 Nxh4 24. Bg3 Ng6 25. Qb2 Rc4 26. Rd2 Rc7 27. Red1 Rcd7 28.
Qb3 d4 29. exd4 Qxb3 30. cxb3 exd4 31. a4 Ne7 32. Nc1 Nf5 33. Nd3 Ne3 34. Re1
Nf5 35. Red1 Rc8 36. Ne5 Rd5 37. Nc4 Ba7 38. Ne3 Nxe3 39. fxe3 Rcd8 40. Bf2 d3
41. Kh1 f5 42. e4 Bxf2 43. exd5 Be3 44. Rxd3 Bg5 45. d6 Rd7 46. Rd5 g6 47. Rc5
Be7 48. Rcd5 Bf6 49. b5 Kf7 50. bxa6 bxa6 51. Ra5 Ke6 52. Rxa6 Be5 53. Rb6 Bxd6
54. a5 Bc7 1-0

[Event "POLFINAL MISTRZOSTW POLSKI JUNIOROW 2019 - C11"]
[Site "Ustron"]
[Date "1899-12-30"]
[Round "9.12"]
[White "Stachowiak, Bruno"]
[Black "Kowalczyk, Jakub"]
[Result "1/2-1/2"]
[WhiteTitle "II"]
[BlackTitle "II"]
[WhiteElo "1295"]
[BlackElo "1132"]

1. e4 c5 2. Nf3 e6 3. d4 cxd4 4. Nxd4 a6 5. Nc3 Qc7 6. Bd3 Nf6 7. O-O b5 8. Kh1
Bb7 9. f3 Nc6 10. Be3 Be7 11. a3 O-O 12. f4 d6 13. Nxc6 Bxc6 14. Bd4 Qb7 15. Bxf6
Bxf6 16. Qe2 Qc7 17. Qd2 Rad8 18. f5 e5 19. Qe2 g6 20. Rf2 Qe7 21. Raf1 d5 22.
Na2 dxe4 23. Bxe4 Bxe4 24. Qxe4 Rd4 25. Qe2 Bg5 26. fxg6 hxg6 27. Nb4 Rd2 28.
Qe4 Rxf2 29. Rxf2 Rd8 30. Rf1 Qf6 31. Qe2 Qd6 32. Nd3 Re8 33. Qf3 f6 34. Qe2 e4
35. Nf2 e3 36. Nd3 Kg7 37. Rf3 Rh8 38. h3 Re8 39. g3 Qe6 40. Kg2 Qd6 41. Kf1 Re6
1/2-1/2

[Event "POLFINAL MISTRZOSTW POLSKI JUNIOROW 2019 - C11"]
[Site "Ustron"]
[Date "1899-12-30"]
[Round "9.13"]
[White "Gradzki, Artur"]
[Black "Macura, Mateusz"]
[Result "0-1"]
[WhiteTitle "II"]
[BlackTitle "II"]
[WhiteElo "1189"]
[BlackElo "1249"]

1. e4 e5 2. Nf3 Nc6 3. Bc4 Nf6 4. d3 Bc5 5. c3 d6 6. h3 h6 7. O-O a6 8. a4 Ba7
9. Be3 Bxe3 10. fxe3 Ne7 11. Nbd2 c5 12. Bb3 Bd7 13. Qe2 O-O 14. d4 Ng6 15. Qf2
Bc6 16. d5 Bd7 17. Bc2 Qc7 18. Nh4 Nxh4 19. Qxh4 Nh7 20. Bd1 b5 21. axb5 axb5
22. Bg4 Bxg4 23. Qxg4 c4 24. Nf3 Nf6 25. Qh4 Qc5 26. Kf2 b4 27. Rfb1 bxc3 28.
bxc3 Rxa1 29. Rxa1 Qb6 30. Re1 Qb2+ 31. Kg1 Qxc3 32. Kh2 Qc2 33. Rf1 Qxe4 34.
Qxe4 Nxe4 35. Rc1 c3 36. Ng1 Rc8 37. Ne2 c2 38. Rf1 Nf6 39. Nc1 Nxd5 40. e4 Nf6
41. Re1 Rc4 42. Kg3 Nxe4+ 43. Kf3 Ng5+ 44. Kf2 f5 45. Re2 Kf7 46. Ke1 Ke6 47.
Kd2 e4 48. Re1 d5 0-1

[Event "POLFINAL MISTRZOSTW POLSKI JUNIOROW 2019 - C11"]
[Site "Ustron"]
[Date "1899-12-30"]
[Round "9.14"]
[White "Makuch, Tomasz"]
[Black "Krzastek, Adrian"]
[Result "1-0"]
[WhiteTitle "II+"]
[BlackTitle "II"]
[WhiteElo "1167"]
[BlackElo "1181"]

1. e4 c6 2. d4 d5 3. exd5 cxd5 4. c4 Nf6 5. Nc3 Nc6 6. Nf3 Bg4 7. Bf4 e6 8. c5
Ne4 9. Bb5 Be7 10. h3 Nxc3 11. bxc3 Bf5 12. Ne5 Qc8 13. Qa4 Qc7 14. Ng6 1-0

[Event "POLFINAL MISTRZOSTW POLSKI JUNIOROW 2019 - C11"]
[Site "Ustron"]
[Date "1899-12-30"]
[Round "9.15"]
[White "Mieszkowski, Adam"]
[Black "Uhryn, Mateusz"]
[Result "0-1"]
[WhiteTitle "II"]
[BlackTitle "II+"]
[WhiteElo "1126"]
[BlackElo "1362"]

1. e4 c5 2. Nf3 d6 3. c3 Nf6 4. h3 Nc6 5. Bd3 g5 6. Bc2 g4 7. hxg4 Bxg4 8. d4 Bxf3
9. gxf3 cxd4 10. cxd4 Qa5+ 11. Bd2 Qb6 12. Bc3 O-O-O 13. Qd2 e5 14. d5 Nd4 15.
Bxd4 exd4 16. Bb3 h5 17. Na3 Bh6 18. Qc2+ Kb8 19. Nc4 Qb4+ 20. Nd2 Nd7 21. Rd1
Ne5 22. Rh3 Rdg8 23. a3 Qa5 24. Kf1 Rc8 25. Bc4 Bxd2 26. b4 Qxa3 27. Qb3 Nxc4
28. Qxa3 Nxa3 29. Rxd2 Rc4 30. f4 Nb5 31. e5 dxe5 32. fxe5 h4 33. e6 fxe6 34.
dxe6 Re8 35. Re2 Rc6 36. f4 Rcxe6 37. Rxe6 Rxe6 38. Rxh4 d3 39. Rh2 Rd6 40. Ke1
Na3 41. Kd1 Nc4 42. Rh1 d2 0-1

[Event "POLFINAL MISTRZOSTW POLSKI JUNIOROW 2019 - C11"]
[Site "Ustron"]
[Date "1899-12-30"]
[Round "9.16"]
[White "Wawrukiewicz, Szymon"]
[Black "Marekwica, Dawid"]
[Result "1-0"]
[WhiteTitle "II"]
[BlackTitle "III"]
[WhiteElo "1143"]
[BlackElo "1129"]

1. e4 e5 2. Nf3 Nc6 3. Bc4 Bc5 4. d3 Nf6 5. Bg5 d6 6. h3 h6 7. Bh4 Be6 8. Bb3 g5
9. Bg3 Nh5 10. Bh2 Nf6 11. Nc3 Qd7 12. Qd2 Nd4 13. Nxd4 Bxd4 14. Ba4 c6 15. Bb3
d5 16. exd5 Nxd5 17. Nxd5 Bxd5 18. f3 Bxb2 19. Rb1 Bd4 20. c3 Bxb3 21. cxd4 Bd5
22. Qe2 O-O-O 23. dxe5 Rhe8 24. O-O Qe6 25. Qb2 b6 26. Qa3 Kb7 27. Rf2 f6 28.
exf6 Qxf6 29. Rfb2 Qd4+ 30. Kh1 Qh4 31. Qc3 Kc8 32. Rb5 c5 33. Rxc5+ Kb7 34. Rc7+
Ka8 35. Qg7 Re1+ 36. Bg1 Rxg1+ 37. Rxg1 Qg3 38. Rgc1 Kb8 39. Rxa7 Rc8 40. Rxc8+
Kxc8 41. Qf8# 1-0

[Event "POLFINAL MISTRZOSTW POLSKI JUNIOROW 2019 - C11"]
[Site "Ustron"]
[Date "1899-12-30"]
[Round "9.17"]
[White "Sawicki, Dorian"]
[Black "Owierczuk, Szymon"]
[Result "1/2-1/2"]
[WhiteTitle "II"]
[BlackTitle "II"]
[WhiteElo "1142"]
[BlackElo "1086"]

1. Nf3 Nf6 2. c4 g6 3. g3 Bg7 4. Bg2 O-O 5. O-O d6 6. d4 Nc6 7. Nc3 Bg4 8. d5 Na5
9. Qa4 c5 10. dxc6 Nxc6 11. Bd2 Qc7 12. Nb5 Qd7 13. Qc2 a6 14. Nc3 Rac8 15. Rac1
Qc7 16. Nd5 Qd8 17. Nxf6+ Bxf6 18. Bc3 Bxc3 19. Qxc3 b5 20. cxb5 axb5 21. Qd3
Qb6 22. a3 Bxf3 23. Qxf3 Ne5 24. Qb7 Qxb7 25. Bxb7 Rb8 26. Bd5 Rfc8 27. h3 Nc4
28. Rc2 e6 29. Be4 d5 30. Bg2 b4 31. a4 b3 32. Rc3 Rb4 33. Ra1 Ra8 34. e3 Nxb2
35. Rb1 Nxa4 36. Rcxb3 Rxb3 37. Rxb3 Nc5 38. Rc3 Nd7 39. Rc7 Nf6 40. g4 g5 41.
Rc5 Ra4 42. Rc8+ Kg7 43. Kh2 h5 44. gxh5 Nxh5 45. Bf3 Nf6 46. Rd8 g4 47. hxg4
Nxg4+ 48. Kg3 Nf6 49. Rc8 Ne4+ 50. Bxe4 Rxe4 51. Kf3 Rc4 52. Rxc4 dxc4 53. Ke4
Kg6 54. Kd4 Kf5 55. f3 Ke5+ 56. Ke4+ 1/2-1/2

[Event "POLFINAL MISTRZOSTW POLSKI JUNIOROW 2019 - C11"]
[Site "Ustron"]
[Date "1899-12-30"]
[Round "9.18"]
[White "Janicki, Tomasz"]
[Black "Katny, Tymoteusz"]
[Result "1-0"]
[WhiteTitle "II"]
[BlackTitle "III"]
[WhiteElo "1129"]
[BlackElo "1027"]

1. d4 d5 2. c4 e5 3. dxe5 Bb4+ 4. Bd2 Nc6 5. a3 Bxd2+ 6. Qxd2 d4 7. Nf3 Be6 8.
e3 dxe3 9. Qxe3 Qd7 10. Nc3 O-O-O 11. Be2 Bg4 12. Rd1 Qe7 13. Nd5 Qe8 14. O-O
Nge7 15. Rfe1 Bxf3 16. Bxf3 Nxd5 17. cxd5 Ne7 18. Qxa7 Qb5 19. Bg4+ Rd7 20. Qa8#
1-0